000 00533nam a22001937a 4500
999 _c9879
_d9879
003 GBCCL
005 20241126110720.0
008 230814b ||||| |||| 00| 0 eng d
020 _a9789385063275
040 _cGBC
082 _aVER 248.4
_bHAR
100 _aHarris, Randy
_917183
245 _aGod work :
_bPasian in sem /
_cRandy Harris ; lettu, P Phungchinthang Guite
250 _aPaite ed;
260 _aAbilene, TX :
_bLeafwood publishers,
_c2017
300 _a144p. ;
650 _aChristian life
_9183
942 _2ddc
_cBK